[Event "RUS-chT Premier 2019"]
[Site "Sochi"]
[Date "2019.05.10"]
[Round "9.12"]
[White "Nozdrachev, Leonid"]
[Black "Murzin, Volodar"]
[Result "1-0"]
[WhiteElo "2367"]
[BlackElo "2407"]
[Annotator "ChessBase"]
[PlyCount "105"]
[EventDate "2019.05.01"]
[EventType "team-tourn"]
[EventCountry "RUS"]
[SourceTitle "playchess.com"]
[Source "ChessBase"]
[SourceQuality "1"]
[TimeControl "40/5400+30:1800+30"]

1. d4 {[%emt 0:00:00]} d5 {[%emt 0:00:00]} 2. c4 {[%emt 0:01:37]} c6 {[%emt 0:00:00]} 3. Nc3 {[%emt 0:00:09]} dxc4 {[%emt 0:00:08]} 4. e3 {[%emt 0:01:45]} b5 {[%emt 0:00:08]} 5. a4 {[%emt 0:01:28]} b4 {[%emt 0:00:11]} 6. Ne4 {[%emt 0:01:30]} Qd5 {[%emt 0:00:14]} 7. Nd2 {[%emt 0:00:43]} c3 {[%emt 0:00:16]} 8. bxc3 {[%emt 0:00:32]} bxc3 {[%emt 0:00:01]} 9. Nb1 {[%emt 0:00:54]} Qa5 {[%emt 0:00:14]} 10. Qc2 {[%emt 0:01:39]} Na6 {[%emt 0:00:13]} 11. Qxc3 {[%emt 0:04:06]} Nb4 {[%emt 0:02:00]} 12. Bd2 {[%emt 0:00:29]} e6 {[%emt 0:00:33]} 13. Nf3 {[%emt 0:14:35]} Nf6 {[%emt 0:00:51]} 14. Bc4 {[%emt 0:02:45]} Be7 {[%emt 0:03:13]} 15. O-O {[%emt 0:03:21]} O-O {[%emt 0:03:00]} 16. Na3 {[%emt 0:11:21]} Bb7 {[%emt 0:14:44]} 17. Qb3 {[%emt 0:04:56]} c5 {[%emt 0:07:31]} 18. Ne5 {[%emt 0:04:52]} Qc7 {[%emt 0:21:00]} 19. Nb5 {[%emt 0:11:08]} Qc8 {[%emt 0:06:21]} 20. Rfc1 {[%emt 0:14:09]} a6 {[%emt 0:12:30]} 21. Bxb4 {[%emt 0:04:43]} cxb4 {[%emt 0:01:18]} 22. Bf1 {[%emt 0:02:06]} Qd8 {[%emt 0:02:28]} 23. Nc3 {[%emt 0:05:35]} Qb8 {[%emt 0:05:47]} 24. Na2 {[%emt 0:01:14]} a5 {[%emt 0:05:08]} 25. Bb5 {[%emt 0:02:13]} Bd6 {[%emt 0:01:43]} 26. f4 {[%emt 0:00:41]} Bxe5 {[%emt 0:01:46]} 27. fxe5 {[%emt 0:00:17]} Ne4 {[%emt 0:00:10]} 28. Qd3 {[%emt 0:01:38]} Bd5 {[%emt 0:04:58]} 29. Bc6 {[%emt 0:02:13]} Ra7 {[%emt 0:01:14]} 30. Bxd5 {[%emt 0:00:54]} exd5 {[%emt 0:00:02]} 31. Rc6 {[%emt 0:00:46]} Qb7 {[%emt 0:02:38]} 32. Rc2 {[%emt 0:00:11]} Qd7 {[%emt 0:03:59]} 33. Nc1 {[%emt 0:00:40]} Rc8 {[%emt 0:00:53]} 34. Nb3 {[%emt 0:01:03]} Rxc2 {[%emt 0:00:27]} 35. Qxc2 {[%emt 0:00:03]} Rc7 {[%emt 0:00:20]} 36. Qb2 {[%emt 0:00:53]} Qc8 {[%emt 0:00:31]} 37. Rc1 {[%emt 0:00:45]} Rxc1+ {[%emt 0:00:36]} 38. Nxc1 {[%emt 0:00:31]} Qc4 {[%emt 0:00:22]} 39. Nb3 {[%emt 0:00:32]} Qd3 {[%emt 0:01:01]} 40. Qc1 {[%emt 0:00:00]} Nc3 {[%emt 0:00:00]} 41. Kh1 {[%emt 0:06:31]} Qa6 {[%emt 0:01:43]} 42. h3 {[%emt 0:02:34]} g6 {[%emt 0:01:14]} 43. Kh2 {[%emt 0:01:57]} Kg7 {[%emt 0:05:28]} 44. Nc5 {[%emt 0:02:13]} Qe2 {[%emt 0:00:58]} 45. Nb3 {[%emt 0:07:54]} Qa6 {[%emt 0:02:12]} 46. Nc5 {[%emt 0:00:16]} Qc4 {[%emt 0:01:00]} 47. Qe1 {[%emt 0:01:54]} Qe2 {[%emt 0:04:59]} 48. Qh4 {[%emt 0:03:32]} Ne4 {[%emt 0:12:13]} 49. Nxe4 {[%emt 0:01:58]} dxe4 {[%emt 0:00:33]} 50. Qf6+ {[%emt 0:00:36]} Kg8 {[%emt 0:00:38]} 51. d5 {[%emt 0:00:52]} b3 {[%emt 0:00:37]} 52. e6 {[%emt 0:00:39]} fxe6 {[%emt 0:00:09]} 53. dxe6 {[%emt 0:00:11]} 1-0

[Event "RUS-chT Premier 2019"]
[Site "Sochi"]
[Date "2019.05.10"]
[Round "9.13"]
[White "Sjugirov, Sanan"]
[Black "Inarkiev, Ernesto"]
[Result "1/2-1/2"]
[WhiteElo "2661"]
[BlackElo "2691"]
[Annotator "TA"]
[PlyCount "233"]
[EventDate "2019.05.01"]
[EventType "team-tourn"]
[EventCountry "RUS"]
[SourceTitle "playchess.com"]
[Source "ChessBase"]
[SourceQuality "1"]

{[%evp 18,233,64,31,50,25,29,21,26,0,0,20,60,0,13,0,0,0,0,0,0,0,0,-11,12,0,0,0,14,0,30,0,13,0,0,0,0,0,29,33,160,175,258,249,341,331,338,307,347,342,328,310,281,321,459,439,458,415,460,403,450,430,447,438,395,276,547,273,475,462,549,131,132,149,133,47,129,46,138,51,51,51,51,51,51,51,51,50,56,56,57,57,57,57,58,58,58,57,57,57,57,57,57,56,57,57,57,56,56,37,56,56,56,56,56,0,56,56,57,57,57,56,56,56,56,48,8,0,0,0,0,0,0,0,0,0,0,0,0,0,0,0,0,0,0,0,0,0,0,0,57,56,57,57,57,57,57,50,39,0,0,0,0,0,0,0,0,0,0,0,0,0,0,0,0,0,0,0,0,0,0,0,0,0,0,0,0,0,0,0,0,0,0,0,0,0,0,0,0,0,0,0,0,0,0,0,0,0,0,0,0,0,0,0,0,0,0,0]} 1. d4 d5 2. c4 dxc4 3. e4 e5 4. Nf3 exd4 5. Bxc4 Bb4+ 6. Nbd2 Nc6 7. O-O Nf6 8. e5 Nd5 9. Nb3 Nb6 10. Bb5 {[%cal Rf3d4]} Bd7 {D20: Queen's Gambit Accepted: 3 e3 and 3 e4} 11. Bg5 (11. Bxc6 $5 Bxc6 12. Nbxd4 $11) 11... Be7 $1 {[%cal Re7g5]} 12. Bxe7 Qxe7 13. Re1 O-O-O 14. Rc1 d3 {[#]} 15. a3 $146 (15. Qxd3 Nb4 $15) (15. Qd2 $14) ({Predecessor:} 15. Qd2 g6 16. Nc5 Be8 17. Bxd3 {1-0 (37) Anand,V (2788)-Dominguez Perez,L (2719) Moscow 2009}) 15... Kb8 16. Nc5 {[#]} Nd4 $1 {[%mdl 512]} 17. Nxd7+ (17. Nxd4 Bxb5 18. Re4 Rd5 $17) 17... Rxd7 18. Qxd3 Nxb5 19. Qxb5 Rhd8 20. Qe2 g5 {Strongly threatening ...g4.} 21. h3 Nd5 22. g3 h6 23. Qe4 Qe6 24. Qg4 Ne7 25. Qxe6 fxe6 26. Re4 Rd3 27. Kg2 Nf5 28. h4 Rf8 (28... Nd4 $14 29. Rxd4 R8xd4 30. Nxd4 (30. hxg5 hxg5 31. Nxd4 Rxd4 $11) 30... Rxd4) 29. hxg5 $16 Nxg3 (29... hxg5 $142 30. Nxg5 Re8) 30. Re3 $1 $18 {[%cal Re3d3]} (30. fxg3 Rfxf3 31. Rf4 (31. gxh6 Rxg3+ 32. Kf2 Rh3 $11) 31... Rxg3+ 32. Kf2 c6 $11) 30... Nh5 31. Rxd3 ({Not} 31. gxh6 Nf4+ 32. Kf1 Kc8 $16) 31... Nf4+ 32. Kg3 Nxd3 {[%mdl 4096] Endgame KRN-KRN} 33. Rc3 Nxb2 34. gxh6 Rh8 {[#]} 35. Rc2 $1 Nd3 (35... Na4 {was called for.} 36. Rc4 Nb6) 36. Rd2 Nc5 {White must now prevent ...Ne4+.} 37. Ng5 c6 38. Rc2 Nd7 39. h7 Nf8 40. f4 Kc7 41. Rh2 b5 $2 (41... c5 {keeps fighting.} 42. f5 exf5) 42. Kf3 (42. f5 $142) 42... a5 $2 (42... c5 43. Rd2 b4) 43. Ke4 c5 44. Rh6 $2 (44. f5 $18 {is the precise move to win.}) 44... b4 $16 45. Kd3 {And now a4 would win.} bxa3 {[#]} 46. Kc3 (46. Kc2 $1 $16) 46... Kc6 (46... a4 $1 $14) 47. f5 ({Reject} 47. Nxe6 $6 Rxh7 48. Rxh7 Nxh7 $11) (47. Kb3 $16) 47... Kd5 (47... Nxh7 $1 $14 48. Rxe6+ (48. Nxh7 Rb8 $11) 48... Kb5) 48. fxe6 (48. f6 $16) 48... Nxh7 $1 $14 49. Nxh7 $16 {KRN-KR} Rb8 {...a2 is the strong threat.} 50. e7 a2 51. Rh1 Kxe5 52. Ra1 Kd6 53. Rxa2 Kxe7 54. Rxa5 Kd6 55. Nf6 Rh8 56. Ra6+ Ke5 57. Nd7+ Kd5 58. Nb6+ Kc6 59. Nc4+ Kd5 60. Rd6+ Ke4 61. Nb6 Rh1 62. Kc4 Rc1+ 63. Kb5 Ke5 64. Rd8 Ke4 65. Nc4 Rh1 66. Nd6+ (66. Nd2+ $14 Kf5 67. Kxc5) 66... Kd5 (66... Kd3 $11) 67. Nb7+ $14 Ke5 68. Nxc5 Rh2 69. Rd1 Rg2 70. Nd3+ Ke4 71. Nb4 Rg8 72. Kc5 Rc8+ 73. Nc6 Rc7 74. Re1+ Kd3 75. Re8 Kd2 76. Kd5 Kd3 77. Ne5+ Kc3 78. Rh8 Rg7 79. Rh3+ Kc2 80. Kd4 Rg8 81. Rc3+ Kd2 82. Nc4+ Ke2 83. Rc2+ Kf3 ({Better is} 83... Kd1 $11) 84. Ne5+ Kf4 85. Rf2+ Kg3 86. Rf7 Ra8 87. Rf3+ Kg2 88. Rc3 Kf2 {The position is equal.} 89. Ke4 Ra4+ 90. Nc4 Ra8 91. Nd6 Ra4+ 92. Ke5 Ke2 93. Rh3 Ra8 94. Rb3 Ra5+ 95. Kf4 Ra8 96. Re3+ Kd2 97. Ne4+ Kc2 98. Rc3+ Kb2 99. Rc7 Rh8 100. Ke3 Rh3+ 101. Kd4 Rh4 102. Rg7 Kc2 103. Rg3 Kb2 104. Re3 Kc2 105. Kc4 Kb2 106. Re2+ Ka3 $1 107. Re1 Kb2 108. Re3 Kc2 109. Re2+ Kd1 110. Ra2 Ke1 111. Kd4 (111. Kd5 {feels hotter.} Rh5+ 112. Kd4 Rh3 113. Kc5 Kf1 114. Rf2+) 111... Rh8 112. Nc5 (112. Kc4 {is more complex.} Kf1 113. Nd2+ Ke2 114. Kb3 Rh3+ 115. Kb2) 112... Rh4+ 113. Kc3 Kf1 114. Nd3 Re4 115. Rb2 Kg1 116. Nf2 Ra4 117. Kd3 {Accuracy: White = 60%, Black = 60%.} 1/2-1/2

[Event "RUS-chT Premier 2019"]
[Site "Sochi"]
[Date "2019.05.10"]
[Round "9.14"]
[White "Zvjaginsev, Vadim"]
[Black "Alekseev, Evgeny"]
[Result "1-0"]
[WhiteElo "2635"]
[BlackElo "2647"]
[Annotator "RC"]
[PlyCount "99"]
[EventDate "2019.05.01"]
[EventType "team-tourn"]
[EventCountry "RUS"]
[SourceTitle "playchess.com"]
[Source "ChessBase"]
[SourceQuality "1"]
[TimeControl "40/5400+30:1800+30"]

1. Nf3 {[%emt 0:00:00]} c5 {[%emt 0:00:00]} 2. e4 {[%emt 0:00:00]} e6 {[%emt 0:00:16]} 3. g3 {[%emt 0:00:00]} Nc6 {[%emt 0:00:57]} 4. d4 {[%emt 0:00:29]} cxd4 {[%emt 0:07:57]} 5. Nxd4 {[%emt 0:00:06]} Nxd4 {[%emt 0:10:22]} 6. Qxd4 {[%emt 0:00:09]} Ne7 {[%emt 0:00:09]} 7. Bg2 {[%emt 0:07:09]} Nc6 {[%emt 0:00:11]} 8. Qd2 {[%emt 0:04:06]} b5 {[%emt 0:03:31]} 9. O-O {[%emt 0:00:51]} Be7 {[%emt 0:03:03]} 10. Nc3 {[%emt 0:03:33]} Rb8 {[%emt 0:10:26]} 11. b3 {[%emt 0:03:57]} O-O {[%emt 0:01:17]} 12. Bb2 {[%emt 0:00:31]} d6 {[%emt 0:04:00]} 13. Nd1 {[%emt 0:05:54]} Qa5 {[%emt 0:13:33]} 14. Qxa5 {[%emt 0:01:13]} Nxa5 {[%emt 0:00:01]} 15. Ne3 {[%emt 0:00:22]} Bd7 {[%emt 0:12:56]} 16. Rfd1 {[%emt 0:05:12]} Rfd8 {[%emt 0:01:03]} 17. Rac1 {[%emt 0:03:56]} Be8 {[%emt 0:07:36]} 18. h4 {[%emt 0:05:29]} Kf8 {[%emt 0:02:22]} 19. f4 {[%emt 0:01:30]} Rdc8 {[%emt 0:02:31]} 20. f5 {[%emt 0:06:15]} e5 {[%emt 0:01:32]} 21. Nd5 {[%emt 0:00:58]} Bd8 {[%emt 0:00:22]} 22. Bf1 {[%emt 0:02:21]} Nc6 {[%emt 0:06:33]} 23. c3 {[%emt 0:05:05]} Ne7 {[%emt 0:05:37]} 24. Ba3 {[%emt 0:04:36]} Nxd5 {[%emt 0:00:04]} 25. Rxd5 {[%emt 0:00:10]} b4 {[%emt 0:00:05]} 26. cxb4 {[%emt 0:00:47]} Rxc1 {[%emt 0:00:58]} 27. Bxc1 {[%emt 0:00:07]} Bc6 {[%emt 0:00:39]} 28. Rxd6 {[%emt 0:01:11]} Bb6+ {[%emt 0:00:36]} 29. Kh2 {[%emt 0:00:33]} Bxe4 {[%emt 0:00:03]} 30. f6 {[%emt 0:02:26]} gxf6 {[%emt 0:03:38]} 31. Rxf6 {[%emt 0:00:36]} Rd8 {[%emt 0:00:26]} 32. Bh6+ {[%emt 0:03:01]} Kg8 {[%emt 0:00:12]} 33. Bc4 {[%emt 0:02:11]} Rd7 {[%emt 0:00:10]} 34. h5 {[%emt 0:06:16]} Rd1 {[%emt 0:03:13]} 35. Bxf7+ {[%emt 0:02:16]} Kh8 {[%emt 0:00:03]} 36. Kh3 {[%emt 0:00:06]} Bd8 {[%emt 0:00:51]} 37. Rf2 {[%emt 0:01:05]} Bb6 {[%emt 0:00:06]} 38. Rf6 {[%emt 0:05:31]} Bd8 {[%emt 0:00:10]} 39. Rf2 {[%emt 0:00:41]} Bb6 {[%emt 0:00:01]} 40. Rd2 {[%emt 0:00:00]} Rh1+ {[%emt 0:00:00]} 41. Rh2 {[%emt 0:12:32]} Rd1 {[%emt 0:18:07]} 42. Bc4 {[%emt 0:01:21]} Rg1 {[%emt 0:04:23]} 43. Kg4 {[%emt 0:04:07]} Bg2 {[%emt 0:01:41]} 44. Bf8 {[%emt 0:02:51]} e4 {[%emt 0:00:17]} 45. h6 {[%emt 0:02:13]} Bf3+ {[%emt 0:00:06]} 46. Kf4 {[%emt 0:02:21]} Bc7+ {[%emt 0:00:36]} 47. Kf5 {[%emt 0:00:38]} Rxg3 {[%emt 0:00:10]} 48. Bg7+ {[%emt 0:00:28]} Rxg7 {[%emt 0:00:04]} 49. hxg7+ {[%emt 0:00:03]} Kxg7 {[%emt 0:00:04]} 50. Rd2 {[%emt 0:00:15]} 1-0

[Event "RUS-chT Premier 2019"]
[Site "Sochi"]
[Date "2019.05.10"]
[Round "9.15"]
[White "Rakhmanov, Aleksandr"]
[Black "Kobalia, Mikhail"]
[Result "1/2-1/2"]
[WhiteElo "2629"]
[BlackElo "2610"]
[Annotator "TA"]
[PlyCount "53"]
[EventDate "2019.05.01"]
[EventType "team-tourn"]
[EventCountry "RUS"]
[SourceTitle "playchess.com"]
[Source "ChessBase"]
[SourceQuality "1"]

{[%evp 10,53,16,13,14,0,7,0,16,10,31,12,9,8,10,-1,0,0,-1,-15,1,-3,0,0,0,0,0,0,-4,-31,-43,-47,-23,-47,-31,-22,0,0,0,-26,-16,-31,0,-23,0,-19]} 1. Nf3 d5 2. g3 Nf6 3. Bg2 c6 4. O-O Bg4 5. d4 e6 6. Nbd2 Be7 {D02: 1 d4 d5 2 Nf3 sidelines, including 2...Nf6 3 g3 and 2...Nf6 3 Bf4} (6... Nbd7 7. Re1 Be7 8. e4 O-O 9. e5 Ne8 10. c3 c5 11. dxc5 Nxc5 12. Nb3 Nc7 13. Be3 b6 14. Nbd4 Qd7 15. b4 Ne4 16. Qd3 {½-½ (75) Gabuzyan,H (2571)-Dreev,A (2653) chess.com INT 2018}) 7. Re1 O-O 8. e4 a5 9. a4 Na6 10. h3 $146 ({Predecessor:} 10. exd5 exd5 11. c3 Re8 12. h3 Bf5 13. Ne5 Qc8 14. Kh2 {½-½ (42) Voiska,M (2367)-Ivanova,S (2036) Pleven 2015}) 10... Bh5 11. c3 Nc7 12. e5 Nd7 13. Nb3 b5 14. Be3 Nb6 15. axb5 a4 16. Nc5 ({Not} 16. bxc6 $2 axb3 17. Qxb3 Nc4 $19) 16... cxb5 17. g4 Bg6 18. Nd2 Qc8 19. f4 Na6 20. Nxa6 Rxa6 21. Bf1 Qc6 22. Qf3 {[#] And now f5 would win.} f5 23. exf6 Bxf6 24. Nb3 Nd7 25. Nd2 Nb6 26. Nb3 Nd7 27. Nd2 $1 {Accuracy: White = 60%, Black = 56%.} 1/2-1/2

[Event "RUS-chT Premier 2019"]
[Site "Sochi"]
[Date "2019.05.10"]
[Round "9.16"]
[White "Grachev, Boris"]
[Black "Kokarev, Dmitry"]
[Result "1-0"]
[WhiteElo "2615"]
[BlackElo "2605"]
[Annotator "TA"]
[PlyCount "95"]
[EventDate "2019.05.01"]
[EventType "team-tourn"]
[EventCountry "RUS"]
[SourceTitle "playchess.com"]
[Source "ChessBase"]
[SourceQuality "1"]

{[%evp 17,95,20,30,31,56,42,44,51,53,49,56,52,70,60,79,83,72,56,64,40,55,58,60,45,50,41,41,41,41,41,50,41,88,88,112,88,148,150,154,128,139,138,143,121,122,112,115,122,143,72,58,81,115,86,86,54,54,54,239,235,233,133,137,0,235,241,311,252,468,452,872,846,795,847,832,796,29983,29983,2683,2591]} 1. Nf3 Nf6 2. g3 g6 3. b3 Bg7 4. Bb2 c5 5. c4 Nc6 6. Bg2 d6 7. d4 cxd4 8. Nxd4 Bd7 9. O-O O-O 10. Qd2 {E60: King's Indian: Unusual lines and Fianchetto Variation without Nc3} (10. Nc3 Qa5 11. e3 Rfc8 12. Nde2 Qh5 13. Nf4 Qxd1 14. Rfxd1 Rab8 15. h3 h5 16. Rab1 Be8 17. Nfd5 Nxd5 18. Nxd5 Bxb2 19. Rxb2 Kf8 {½-½ (19) Turov,M (2585)-Guseinov,G (2664) Tallinn 2019}) 10... Nxd4 11. Bxd4 Bc6 12. Nc3 {White is slightly better.} Bxg2 13. Kxg2 a6 $146 ({Predecessor:} 13... Qc8 14. Bxf6 Bxf6 15. Nd5 Qe6 16. Rad1 Rac8 17. Qd3 {½-½ (17) Vukic,M (2454)-Loncar,R (2427) Ljubljana 2009}) 14. a4 e6 15. Rfd1 Qc7 16. Rac1 Rfd8 17. f3 Rac8 18. e4 Ne8 19. Bxg7 Kxg7 20. Qd4+ Kg8 21. Rd3 Qc5 22. Rcd1 Qxd4 23. Rxd4 Kf8 24. a5 Ke7 25. Na4 e5 26. R4d2 f5 ({Black should play} 26... Rc6) 27. Nb6 $16 Rc6 28. f4 fxe4 29. fxe5 {Rd4 is the strong threat.} Rc5 30. Rd5 Rxd5 31. Rxd5 dxe5 32. Rxe5+ {[%mdl 4160] Endgame Double Attack. KRN-KRN} Kf7 33. Rxe4 (33. Nd5 $142) 33... Rd2+ 34. Kf3 Rb2 35. Re3 Ng7 36. Rd3 Ne6 $1 37. Rd7+ Kf6 $2 {[#]} ({Better is} 37... Ke8 $14) 38. b4 $1 $18 (38. Rxb7 Rxb3+ 39. Kg4 h5+ 40. Kh4 Ra3 $14) 38... Ke5 39. Rd5+ ({Only move:} 39. Rxb7 $18 {Strongly threatening b5.} Nd4+ 40. Kg4) 39... Kf6 $16 40. Rd7 (40. Rd1 $16) 40... Ke5 $1 $18 41. Rxb7 h5 {[#]} 42. b5 $1 axb5 $2 (42... Ra2 {was necessary.} 43. bxa6 Nd4+ 44. Ke3 Nc2+ 45. Kd3 Nb4+ {[%mdl 64] Discovered Attack} 46. Kc3 Nxa6 47. Nd7+ Kd6) 43. a6 b4 (43... Ra2 $142 44. a7 (44. cxb5 Nd4+ 45. Ke3 Nxb5 $16) 44... bxc4) 44. a7 Nd4+ 45. Ke3 Nc2+ 46. Kd2 Na3+ 47. Kd1 Ke4 48. a8=Q {Accuracy: White = 64%, Black = 42%.} 1-0

[Event "RUS-chT Premier 2019"]
[Site "Sochi"]
[Date "2019.05.10"]
[Round "9.17"]
[White "Romanov, Evgeny"]
[Black "Popov, Ivan"]
[Result "1/2-1/2"]
[WhiteElo "2573"]
[BlackElo "2600"]
[Annotator "ChessBase"]
[PlyCount "61"]
[EventDate "2019.05.01"]
[EventType "team-tourn"]
[EventCountry "RUS"]
[SourceTitle "playchess.com"]
[Source "ChessBase"]
[SourceQuality "1"]
[TimeControl "40/5400+30:1800+30"]

1. d4 {[%emt 0:00:00]} d5 {[%emt 0:00:00]} 2. Nf3 {[%emt 0:00:04]} Nf6 {[%emt 0:00:10]} 3. Bg5 {[%emt 0:00:21]} Ne4 {[%emt 0:02:13]} 4. Bh4 {[%emt 0:00:14]} c5 {[%emt 0:01:20]} 5. dxc5 {[%emt 0:00:33]} f6 {[%emt 0:10:17]} 6. Nbd2 {[%emt 0:07:30]} Nxc5 {[%emt 0:00:58]} 7. Nb3 {[%emt 0:05:04]} Nc6 {[%emt 0:09:53]} 8. Nxc5 {[%emt 0:08:55]} Qa5+ {[%emt 0:00:11]} 9. c3 {[%emt 0:01:32]} Qxc5 {[%emt 0:00:08]} 10. Nd2 {[%emt 0:00:08]} e5 {[%emt 0:14:57]} 11. e4 {[%emt 0:00:49]} Be6 {[%emt 0:00:09]} 12. exd5 {[%emt 0:13:18]} Qxd5 {[%emt 0:01:52]} 13. Qb3 {[%emt 0:15:44]} O-O-O {[%emt 0:04:38]} 14. Qxd5 {[%emt 0:01:19]} Bxd5 {[%emt 0:00:12]} 15. f3 {[%emt 0:02:20]} Bc5 {[%emt 0:12:25]} 16. Ne4 {[%emt 0:02:32]} Bb6 {[%emt 0:00:12]} 17. Bf2 {[%emt 0:05:07]} Bxf2+ {[%emt 0:00:34]} 18. Nxf2 {[%emt 0:00:18]} e4 {[%emt 0:15:13]} 19. fxe4 {[%emt 0:01:23]} Bxe4 {[%emt 0:01:54]} 20. Nxe4 {[%emt 0:04:40]} Rhe8 {[%emt 0:00:08]} 21. Be2 {[%emt 0:01:01]} Rxe4 {[%emt 0:00:10]} 22. Rd1 {[%emt 0:00:20]} Rde8 {[%emt 0:00:15]} 23. Rd2 {[%emt 0:00:08]} Ne5 {[%emt 0:00:14]} 24. Kd1 {[%emt 0:00:50]} Nc4 {[%emt 0:00:42]} 25. Bxc4 {[%emt 0:00:19]} Rxc4 {[%emt 0:00:03]} 26. Re1 {[%emt 0:00:26]} Rxe1+ {[%emt 0:00:52]} 27. Kxe1 {[%emt 0:00:08]} Kc7 {[%emt 0:00:26]} 28. Re2 {[%emt 0:02:35]} Kd7 {[%emt 0:00:17]} 29. Rd2+ {[%emt 0:00:09]} Kc7 {[%emt 0:00:06]} 30. Re2 {[%emt 0:00:08]} Kd7 {[%emt 0:00:04]} 31. Rd2+ {[%emt 0:00:07]} 1/2-1/2

[Event "RUS-chT Premier 2019"]
[Site "Sochi"]
[Date "2019.05.10"]
[Round "9.18"]
[White "Gordievsky, Dmitry"]
[Black "Rozum, Ivan"]
[Result "1/2-1/2"]
[WhiteElo "2585"]
[BlackElo "2568"]
[Annotator "ChessBase"]
[PlyCount "106"]
[EventDate "2019.05.01"]
[EventType "team-tourn"]
[EventCountry "RUS"]
[SourceTitle "playchess.com"]
[Source "ChessBase"]
[SourceQuality "1"]
[TimeControl "40/5400+30:1800+30"]

1. Nf3 {[%emt 0:00:00]} Nf6 {[%emt 0:00:00]} 2. c4 {[%emt 0:00:00]} b6 {[%emt 0:00:55]} 3. g3 {[%emt 0:01:09]} Bb7 {[%emt 0:00:06]} 4. Bg2 {[%emt 0:00:04]} c5 {[%emt 0:00:14]} 5. O-O {[%emt 0:01:05]} e6 {[%emt 0:00:05]} 6. Nc3 {[%emt 0:01:46]} Be7 {[%emt 0:03:27]} 7. b3 {[%emt 0:00:21]} O-O {[%emt 0:00:08]} 8. Bb2 {[%emt 0:00:03]} d5 {[%emt 0:00:24]} 9. e3 {[%emt 0:00:10]} Qc8 {[%emt 0:00:25]} 10. Qe2 {[%emt 0:03:23]} Rd8 {[%emt 0:01:10]} 11. Rfc1 {[%emt 0:02:39]} Nc6 {[%emt 0:20:27]} 12. cxd5 {[%emt 0:15:47]} exd5 {[%emt 0:01:05]} 13. d4 {[%emt 0:00:28]} cxd4 {[%emt 0:00:28]} 14. Nxd4 {[%emt 0:16:42]} Nxd4 {[%emt 0:00:11]} 15. exd4 {[%emt 0:00:03]} Qd7 {[%emt 0:00:46]} 16. Nb5 {[%emt 0:00:41]} Ba6 {[%emt 0:18:00]} 17. a4 {[%emt 0:00:46]} Rac8 {[%emt 0:00:15]} 18. Qf1 {[%emt 0:08:54]} Ne4 {[%emt 0:03:33]} 19. Bh3 {[%emt 0:01:03]} f5 {[%emt 0:00:34]} 20. Qd3 {[%emt 0:07:31]} Bb4 {[%emt 0:04:14]} 21. Rxc8 {[%emt 0:07:13]} Rxc8 {[%emt 0:00:06]} 22. Rc1 {[%emt 0:00:10]} g6 {[%emt 0:04:08]} 23. Rxc8+ {[%emt 0:04:20]} Bxc8 {[%emt 0:00:24]} 24. f3 {[%emt 0:04:04]} Ng5 {[%emt 0:02:58]} 25. Bg2 {[%emt 0:01:15]} a6 {[%emt 0:02:14]} 26. Nc3 {[%emt 0:01:02]} Bf8 {[%emt 0:01:45]} 27. Ne2 {[%emt 0:01:25]} Ne6 {[%emt 0:00:13]} 28. Bc1 {[%emt 0:00:33]} Bg7 {[%emt 0:01:10]} 29. Be3 {[%emt 0:00:16]} Bb7 {[%emt 0:03:17]} 30. Nf4 {[%emt 0:01:41]} Nxf4 {[%emt 0:02:04]} 31. Bxf4 {[%emt 0:00:04]} b5 {[%emt 0:04:09]} 32. axb5 {[%emt 0:01:19]} Qxb5 {[%emt 0:01:52]} 33. Qe3 {[%emt 0:02:30]} Qb6 {[%emt 0:01:32]} 34. Qe8+ {[%emt 0:04:30]} Bf8 {[%emt 0:00:09]} 35. Bf1 {[%emt 0:09:25]} Qxd4+ {[%emt 0:02:03]} 36. Kg2 {[%emt 0:00:08]} Qg7 {[%emt 0:12:27]} 37. Bxa6 {[%emt 0:02:34]} Bxa6 {[%emt 0:00:16]} 38. Qe6+ {[%emt 0:00:02]} Qf7 {[%emt 0:00:06]} 39. Qxa6 {[%emt 0:00:03]} Qd7 {[%emt 0:00:55]} 40. Be5 {[%emt 0:00:00]} Bg7 {[%emt 0:00:00]} 41. Bf4 {[%emt 0:09:23]} Bc3 {[%emt 0:06:54]} 42. Qd3 {[%emt 0:01:15]} Qc6 {[%emt 0:00:49]} 43. Be3 {[%emt 0:01:55]} d4 {[%emt 0:03:18]} 44. Bh6 {[%emt 0:01:55]} Kf7 {[%emt 0:03:51]} 45. Kf2 {[%emt 0:01:43]} Qd5 {[%emt 0:06:04]} 46. Qc4 {[%emt 0:03:28]} Qxc4 {[%emt 0:00:49]} 47. bxc4 {[%emt 0:00:04]} Ke6 {[%emt 0:00:11]} 48. Ke2 {[%emt 0:00:15]} Kd6 {[%emt 0:00:06]} 49. Kd3 {[%emt 0:00:09]} Kc5 {[%emt 0:00:05]} 50. Bf8+ {[%emt 0:00:22]} Kc6 {[%emt 0:00:05]} 51. Bg7 {[%emt 0:00:27]} Kc5 {[%emt 0:00:04]} 52. Be5 {[%emt 0:00:12]} Bb2 {[%emt 0:00:21]} 53. Bb8 {[%emt 0:00:07]} Kb6 {[%emt 0:00:16] Ke4} 1/2-1/2